<?xml version="1.0" encoding="UTF-8"?>
<record
    xmlns:xsi="http://www.w3.org/2001/XMLSchema-instance"
    xsi:schemaLocation="http://www.loc.gov/MARC21/slim http://www.loc.gov/standards/marcxml/schema/MARC21slim.xsd"
    xmlns="http://www.loc.gov/MARC21/slim">

  <leader>00923nab a2200241 uc4500</leader>
  <controlfield tag="001">488435</controlfield>
  <controlfield tag="005">20240504090136.0</controlfield>
  <controlfield tag="008">990721nuuuuuuuu                    spa  </controlfield>
  <datafield tag="035" ind1=" " ind2=" ">
    <subfield code="a">488435</subfield>
  </datafield>
  <datafield tag="035" ind1=" " ind2=" ">
    <subfield code="a">(OCoLC)819792831</subfield>
  </datafield>
  <datafield tag="040" ind1=" " ind2=" ">
    <subfield code="c">comduadb</subfield>
  </datafield>
  <datafield tag="041" ind1=" " ind2=" ">
    <subfield code="a">spa</subfield>
  </datafield>
  <datafield tag="100" ind1="1" ind2="0">
    <subfield code="a">Delgado, Anolaima</subfield>
    <subfield code="4">aut</subfield>
    <subfield code="e">aut</subfield>
    <subfield code="9">297700</subfield>
  </datafield>
  <datafield tag="245" ind1="1" ind2="0">
    <subfield code="a">Reconocimiento de insectos plagas y enfermedades en el estado cojedes</subfield>
  </datafield>
  <datafield tag="650" ind1=" " ind2=" ">
    <subfield code="a">Identificaci&#xF3;n de animales</subfield>
    <subfield code="9">56152</subfield>
  </datafield>
  <datafield tag="650" ind1=" " ind2="7">
    <subfield code="a">Plagas agr&#xED;colas</subfield>
    <subfield code="2">lemb</subfield>
    <subfield code="9">2590</subfield>
  </datafield>
  <datafield tag="650" ind1=" " ind2=" ">
    <subfield code="a">Enfermedades de las plantas</subfield>
    <subfield code="9">172026</subfield>
  </datafield>
  <datafield tag="650" ind1=" " ind2=" ">
    <subfield code="a">Venezuela</subfield>
    <subfield code="9">41497</subfield>
  </datafield>
  <datafield tag="700" ind1="1" ind2="0">
    <subfield code="a">Rojas, Thamara</subfield>
    <subfield code="4">aut</subfield>
    <subfield code="e">aut</subfield>
    <subfield code="9">511301</subfield>
  </datafield>
  <datafield tag="700" ind1="1" ind2="0">
    <subfield code="a">Carvajal, Rafaela</subfield>
    <subfield code="4">aut</subfield>
    <subfield code="e">aut</subfield>
    <subfield code="9">297701</subfield>
  </datafield>
  <datafield tag="773" ind1="0" ind2=" ">
    <subfield code="t">Memoria de la Fundaci&#xF3;n La Salle de Ciencias Naturales (Caracas)</subfield>
    <subfield code="g">Vol. 57, No. 147, Ene.-Jun. 1997/Memoria de la Sociedad de Ciencias Naturales de la Salle (Caracas), p. 101-118</subfield>
    <subfield code="w">188638</subfield>
    <subfield code="x">0037-8518</subfield>
    <subfield code="0">84479</subfield>
  </datafield>
  <datafield tag="942" ind1=" " ind2=" ">
    <subfield code="c">ARIMP</subfield>
  </datafield>
  <datafield tag="999" ind1=" " ind2=" ">
    <subfield code="c">124208</subfield>
    <subfield code="d">124208</subfield>
  </datafield>
</record>
